000
00199nam a22000857a 4500
001
1235330
005
20250930124252.0
245
_a
ŞİMUGULA
_c
SEVGİ SAYGI
260
_b
GÜNIŞIĞI KİTAPLIĞI YAYINLARI
999
_c
1235330
_d
1235330